Nickelodeon Game Shows Quiz Stats

 Plays Quiz not verified by Sporcle

Challenge
Share
Tweet
Embed
Score 0/14 Timer 04:00
0 Plays Today
Years Active Show % Correct
1986 - 1993Double Dare
81.3%
1993 - 1995Legends Of The Hidden Temple
72.2%
1992 - 1995Nickelodeon GUTS
68.7%
1997 - 1999Figure It Out
62.2%
1990 - 1992Wild And Crazy Kids
42.6%
1992 - 1993Nick Arcade
37.4%
2009BrainSurge
37%
Years Active Show % Correct
1991 - 1993What Would You Do?
33.9%
2000 - 2003Slime Time Live
27%
1987 - 1989Finders Keepers
25.2%
1991Get The Picture
24.8%
1989 - 1991Make The Grade
13.9%
1989 - 1991Think Fast!
13.5%
1998 - 1999You're On!
13%

You're not logged in!

Compare scores with friends on all Sporcle quizzes.
Join for Free
OR
Log In

You Might Also Like...

Show Comments

Extras

Top Quizzes Today


Score Distribution

Your Account Isn't Verified!

In order to create a playlist on Sporcle, you need to verify the email address you used during registration. Go to your Sporcle Settings to finish the process.

Report this User

Report this user for behavior that violates our Community Guidelines.

Details: